Strategic Cultures in the Asia-Pacific Region : (Record no. 618759)

MARC details
000 -LEADER
fixed length control field 00525nam a2200193 a 4500
008 - FIXED-LENGTH DATA ELEMENTS--GENERAL INFORMATION
fixed length control field 260407s1999##################000#0#eng##
020 ## - INTERNATIONAL STANDARD BOOK NUMBER
ISBN 9780333651759
082 04 - DEWEY DECIMAL CLASSIFICATION NUMBER
Classification number 355.03305
Item number BOO
100 1# - MAIN ENTRY--AUTHOR NAME
Personal name Booth, Ken,
245 10 - TITLE STATEMENT
Title Strategic Cultures in the Asia-Pacific Region :
260 ## - PUBLICATION, DISTRIBUTION, ETC. (IMPRINT)
Name of publisher Palgrave Macmillan,
Year of publication 1999.
300 ## - PHYSICAL DESCRIPTION
Number of Pages 378 pages
650 #0 - SUBJECT ADDED ENTRY--TOPICAL TERM
Topical Term Political Science.
942 ## - ADDED ENTRY ELEMENTS (KOHA)
Koha item type English Books
Holdings
Withdrawn status Lost status Damaged status Not for loan Home library Current library Shelving location Date acquired Full call number Accession Number Price effective from Koha item type
        Anna Centenary Library Anna Centenary Library 4TH FLOOR, A WING 07.04.2026 355.03305 BOO 319579 07.04.2026 English Books

Find us on the map